logo

Bir Sreshtho Munshi Abdur Rouf Library
Jhenaidah Cadet College

এক জেনারেলের নীরব সাক্ষ্য : (Record no. 7054)

MARC details
000 -LEADER
fixed length control field 00792nam a22002297a 4500
001 - CONTROL NUMBER
JCCL Control Number 7054
003 - CONTROL NUMBER IDENTIFIER
JCCL marc code BD-JhCC
005 - DATE AND TIME OF LATEST TRANSACTION
control field 20221120134024.0
008 - FIXED-LENGTH DATA ELEMENTS--GENERAL INFORMATION
fixed length control field 180204b2000 bg |||| ||a| 000 0 ben d
020 ## - INTERNATIONAL STANDARD BOOK NUMBER
International Standard Book Number 9844101751
035 ## - SYSTEM CONTROL NUMBER
system control number (BD-JhCC)7054
040 ## - CATALOGING SOURCE
Original cataloging agency BD-JhCC
Modifying agency BD-JhCC
041 ## - LANGUAGE CODE
Language code of Book ben
082 ## - DEWEY DECIMAL CLASSIFICATION NUMBER
Classification number 954.905
Author mark and Year CHO 2000
100 ## - MAIN ENTRY--PERSONAL NAME
Personal name চৌধুরী, মইনুল হোসেন
245 ## - TITLE STATEMENT
Title এক জেনারেলের নীরব সাক্ষ্য :
Remainder of title স্বাধীনতার প্রথম দশক /
Statement of responsibility, etc মইনুল হোসেন চৌধুরী
260 ## - PUBLICATION, DISTRIBUTION, ETC. (IMPRINT)
Place of publication, distribution, etc ঢাকা :
Name of publisher, distributor, etc মাওলা ব্রাদার্স,
Date of publication, distribution, etc 2000.
300 ## - PHYSICAL DESCRIPTION
Pagination 176 p. :
Dimensions 22 cm.
650 ## - SUBJECT ADDED ENTRY--TOPICAL TERM
Topical term or geographic name as entry element Liberation
Geographic subdivision Bangladesh
942 ## - ADDED ENTRY ELEMENTS (KOHA)
Source of classification or shelving scheme Dewey Decimal Classification
Koha item type Books
Koha issues (borrowed), all copies 2
Holdings
Source of classification or shelving scheme Damaged status Not for loan Home library Current library Shelving location Date of accession Cost, normal purchase price Total Checkouts Full call number Barcode Date last seen Date checked out Copy number Koha item type
Dewey Decimal Classification     JCC Rouf Library JCC Rouf Library General Stacks 02/04/2018 150.00 3 954.905 CHO 2000 9586 06/22/2023 05/29/2023 C-1 Books

JCC Library | Contacts | JCC Home

Last Update on 23 September 2017
Copyright @ 2017-2020 JCC Rouf Library
Rouf Library, Jhenidah Cadet College (JCC), Bangladesh